000 01482nam a2200349 i 4500
003 DO-SdBNP
005 20240426145926.0
007 ta
008 240426b2019 dr a|||| |||| 00| 0 spa d
020 _a9789945177435
040 _aDO-SdBNP
_bspa
_cBNPHU
_erda
082 4 _222
245 0 0 _aLengua Española 3 :
_bdel proyecto editorial de educación primaria /
_ccolaboración, Sergio Andrade Legua, Rubí Aránguiz Venegas, María Fernanda Valdebenito Meza, Paula Vera Solis ; edición, Lynnette Defilló Arzeno ; corrección, Kary Alba Rocha Arias ; ilustraciones, Reison Vásquez, Wi-Hen Fung, Cecilia Vivanco Díaz
264 4 _aSanto Domingo :
_bS M,
_c2019.
300 _a239 páginas :
_bIlustraciones ;
_c27 cm.
336 _2rdacontent
_atexto
_btxt
337 _2rdamedia
_asin mediación
_bn
338 _2rdacarrier
_avolumen
_bnc
490 _aSavia
590 _aInventariado 2024/BT
700 1 _aAndrade Legua, Sergio,
_ecolaboración
_985304
700 1 _aAránguiz Venegas, Rubí,
_ecolaboración
_985305
700 1 _aValdebenito Meza, María Fernanda,
_ecolaboración
_985306
700 1 _aVera Solis, Paula,
_ecolaboración
_985307
700 1 _aDefilló Arzeno, Lynnette,
_eedición
_985308
700 1 _aVásquez, Reison,
_eilustración
_985309
700 1 _aFung, Wi-Hen,
_eilustración
_973248
700 1 _aVivanco Díaz Cecilia,
_eilustración
_96598
700 1 _aTorres Mujica, Marco,
_eilustración
_985341
910 _aBTavárez
942 _2ddc
_cLBS1
999 _c56538
_d56538